000 00590nam a22002177a 4500
003 OSt
005 20160616150152.0
008 160616b xxu||||| |||| 00| 0 eng d
020 _a1560535873
040 _cDNLM
082 _aWG18 S41p 2004
100 _aSoltoski, Paulo R.; Karamanoukian, Hratch L.
_99426
245 _aCardiac Surgery Secretes.
250 _a2nd ed.
260 _aPhiladelphia; Hanley & Belfus, 2004
300 _axvii,318p; ill: 23cm
504 _aBibliography, & index included
650 _aCardiac MCQs
_99427
650 _aSurgery
_9323
942 _2z
_cO_SHELF
999 _c4380
_d4380